Professional liability and indemnity (Record no. 97437)

MARC details
000 -LEADER
fixed length control field 01226cam a2200289 4500
008 - FIXED-LENGTH DATA ELEMENTS--GENERAL INFORMATION
fixed length control field 090401t1994 xxu||||| |||| 00| 0 eng d
020 ## - INTERNATIONAL STANDARD BOOK NUMBER
International Standard Book Number 094776397X
035 ## - SYSTEM CONTROL NUMBER
System control number (Sirsi) u89243
041 ## - LANGUAGE CODE
Language code of text/sound track or separate title eng
050 ## - LIBRARY OF CONGRESS CALL NUMBER
Classification number 346.41032
-- 18
100 ## - MAIN ENTRY--PERSONAL NAME
Personal name Murrells, Paul
245 ## - TITLE STATEMENT
Title Professional liability and indemnity
Remainder of title a CPD study pack.
250 ## - EDITION STATEMENT
Edition statement 2nd ed.
260 ## - PUBLICATION, DISTRIBUTION, ETC.
Place of publication, distribution, etc. Reading
Name of publisher, distributor, etc. College of Estate Management
Date of publication, distribution, etc. 1994
300 ## - PHYSICAL DESCRIPTION
Extent v, 38p.
Other physical details ill.
Dimensions 30cm.
350 ## - PRICE (NR) (BK AM CF MU VM SE) [OBSOLETE]
Price 26.44
490 ## - SERIES STATEMENT
Series statement College of Estate Management CPD Study Pack
520 ## - SUMMARY, ETC.
Summary, etc. Considers the basic legal principles involved where professional liability and indemnity are concerned. It presents an up to date review of the state of the law and the type and extent of liability, professional standards, the effectiveness of disclaimers, the danger areas for professional and contractual argument, and matters of insurance and vicarious liability.
520 ## - SUMMARY, ETC.
Summary, etc. Does not include an Owlion Audio Tape.
650 ## - SUBJECT ADDED ENTRY--TOPICAL TERM
Topical term or geographic name entry element LIABILITY
650 ## - SUBJECT ADDED ENTRY--TOPICAL TERM
Topical term or geographic name entry element NEGLIGENCE
650 ## - SUBJECT ADDED ENTRY--TOPICAL TERM
Topical term or geographic name entry element PROFESSIONAL INDEMNITY INSURANCE
690 ## - LOCAL SUBJECT ADDED ENTRY--TOPICAL TERM (OCLC, RLIN)
Topical term or geographic name as entry element MANAGEMENT-BUSINESS MANAGEMENT-PROFESSIONAL PRACTICE
710 ## - ADDED ENTRY--CORPORATE NAME
Corporate name or jurisdiction name as entry element College of Estate Management
9 (RLIN) 400
942 ## - ADDED ENTRY ELEMENTS (KOHA)
Suppress in OPAC 0
948 ## - LOCAL PROCESSING INFORMATION (OCLC); SERIES PART DESIGNATOR (RLIN)
c (OCLC) 23/10/1998
Holdings
Withdrawn status Lost status Source of classification or shelving scheme Damaged status Not for loan Home library Current library Shelving location Date acquired Cost, normal purchase price Total Checkouts Full call number Barcode Date last seen Date last checked out Copy number Cost, replacement price Price effective from Koha item type
    Dewey Decimal Classification     London London Enquiry desk 14/09/1999 26.44 63 ENQUIRY DESK 30056332 06/08/2019 10/03/2010 1 26.44 06/08/2019 Audio
  Missing       London London Missing 03/11/1998 26.44 57 ENQUIRY DESK 30056680 06/08/2019 18/03/2008 2 26.44 06/08/2019 Audio